|
|
|
|
| LEADER |
00000nam0a2200000 4500 |
| 001 |
189534 |
| 005 |
20260409101503.0 |
| 010 |
|
|
|a 9785020367098
|
| 035 |
|
|
|a (RuTPU)RU\TPU\book\206163
|
| 090 |
|
|
|a 189534
|
| 100 |
|
|
|a 20101225d2010 k y0rusy50 ca
|
| 101 |
0 |
|
|a rus
|
| 102 |
|
|
|a RU
|
| 105 |
|
|
|a a z 001zy
|
| 200 |
1 |
|
|a Внелабораторный химический анализ
|e [сборник]
|f Российская академия наук (РАН) ; отв. ред. Ю. А. Золотов
|
| 210 |
|
|
|a Москва
|c Наука
|d 2010
|
| 215 |
|
|
|a 565 с.
|c ил.
|
| 225 |
1 |
|
|a Проблемы аналитической химии
|v Т. 13
|
| 320 |
|
|
|a Библиография в конце глав.
|
| 320 |
|
|
|a Сведения об авторах: с. 561-564.
|
| 330 |
|
|
|a Книга представляет собой коллективную монографию, подготовленную ведущими специалистами в различных областях химического анализа и контроля. Рассмотрены методы и средства химического анализа «на месте», т.е. там, где находится объект анализа. Среди этих методов и средств портативные аналитические приборы, спектроскопические методы дистанционного анализа, химические сенсоры, тест-системы упрощенного экспрессного контроля, химические дозиметры и др. Большое внимание уделено конкретным прикладным задачам внелабораторного анализа: обнаружению взрывчатых и отравляющих веществ, паров алкоголя в выдыхаемом воздухе водителей, полевому анализу геологических объектов, изучению состава объектов космоса, оперативному контролю качества питьевой воды и др. Для специалистов, связанных с проблемами химического анализа и контроля.
|
| 606 |
1 |
|
|a Химический анализ
|2 stltpush
|3 (RuTPU)RU\TPU\subj\70293
|9 84646
|
| 610 |
1 |
|
|a внелабораторный анализ
|
| 610 |
1 |
|
|a подвижные лаборатории
|
| 610 |
1 |
|
|a аналитические приборы
|
| 610 |
1 |
|
|a дистанционный анализ
|
| 610 |
1 |
|
|a спектроскопические методы
|
| 610 |
1 |
|
|a тест-системы
|
| 610 |
1 |
|
|a газовые сенсоры
|
| 610 |
1 |
|
|a химические дозиметры
|
| 610 |
1 |
|
|a отравляющие вещества
|
| 610 |
1 |
|
|a взрывчатые вещества
|
| 610 |
1 |
|
|a этанол
|
| 610 |
1 |
|
|a глюкоза
|
| 610 |
1 |
|
|a геологические объекты
|
| 610 |
1 |
|
|a космические объекты
|
| 610 |
1 |
|
|a агрохимический анализ
|
| 675 |
|
|
|a 543
|v 3
|
| 702 |
|
1 |
|a Золотов
|b Ю. А.
|g Юрий Александрович
|4 340
|
| 712 |
0 |
2 |
|a Российская академия наук (РАН)
|3 (RuTPU)RU\TPU\col\51
|
| 801 |
|
1 |
|a RU
|b 63413507
|c 20101225
|
| 801 |
|
2 |
|a RU
|b 63413507
|c 20170502
|g RCR
|
| 942 |
|
|
|c BK
|